BSOP header

God's word, final, infallible and forever : (Record no. 15497)

MARC details
000 -LEADER
fixed length control field 00494nam a2200133 4500
008 - FIXED-LENGTH DATA ELEMENTS--GENERAL INFORMATION
fixed length control field 030703s1985 us eng
090 ## - LOCALLY ASSIGNED LC-TYPE CALL NUMBER (OCLC); LOCAL CALL NUMBER (OCLC)
Classification number (OCLC) (R) ; Classification number, CALL (RLIN) (NR) BS480
Local cutter number (OCLC) ; Book number/undivided call number, CALL (RLIN) M15g
100 1# - MAIN ENTRY--PERSONAL NAME
Personal name McElveen, Floyd
245 10 - TITLE STATEMENT
Title God's word, final, infallible and forever :
Remainder of title compelling evidence for the Bible's inspiration and preservation /
Statement of responsibility, etc Floyd McElveen.
260 ## - PUBLICATION, DISTRIBUTION, ETC. (IMPRINT)
Place of publication, distribution, etc Utah :
Name of publisher, distributor, etc Gospel Truth,
Date of publication, distribution, etc c1985.
300 ## - PHYSICAL DESCRIPTION
Extent 97 p.
650 #4 - SUBJECT ADDED ENTRY--TOPICAL TERM
Topical term or geographic name as entry element Bible
General subdivision Inspiration.
951 ## - EQUIVALENCE OR CROSS-REFERENCE-GEOGRAPHIC NAME/AREA NAME [OBSOLETE] [CAN/MARC only]
General subdivision 00026217
951 ## - EQUIVALENCE OR CROSS-REFERENCE-GEOGRAPHIC NAME/AREA NAME [OBSOLETE] [CAN/MARC only]
-- 25986
-- BS480/M15g
-- 070613111245781
-- 2000-12-21
-- GC
Holdings
Withdrawn status Lost status Damaged status Not for loan Home library Current library Shelving location Date acquired Accession number Shelving control number Total Checkouts Full call number Barcode Date last seen Price effective from Koha item type
        BSOP Library BSOP Library GC 12/21/2000 25986 127   BS480/M15g 00026217 02/23/2013 02/23/2013 Books
BSOP

Biblical Seminary of the Philippines
  All rights Reserved
  © 2024

CONTACT INFORMATION

Biblical Seminary of the Philippines,
  77-B Karuhatan Road, Valenzuela City,
  PHILIPPINES 1441
  Phone: +632 8292-6795 / 8292-6798
  Fax : +632 8292-6675
  Email: library@bsop.edu.ph